Normal view
MARC view
Entry Personal Name
001 - CONTROL NUMBER
- control field: 233139
003 - CONTROL NUMBER IDENTIFIER
- control field: OSt
005 - DATE AND TIME OF LATEST TRANSACTION
- control field: 20250729165807.0
008 - FIXED-LENGTH DATA ELEMENTS
- fixed length control field: 250729|| aca||aabn | a|a d
040 ## - CATALOGING SOURCE
- Original cataloging agency: OSt
- Transcribing agency: OSt
100 ## - HEADING--PERSONAL NAME
- Personal name: T.N.Chaabra
670 ## - SOURCE DATA FOUND
- Source citation: Work cat.: (OSt)240132: T.N.Chaabra, Principles and Practice of Management, 2010